Initial consonants (Grades PreK-2) / (Record no. 112553)
[ view plain ]
| 000 -LEADER | |
|---|---|
| fixed length control field | 00588nam a2200193 a 4500 |
| 001 - CONTROL NUMBER | |
| control field | 3577 |
| 005 - DATE AND TIME OF LATEST TRANSACTION | |
| control field | 20140414131939.0 |
| 008 - FIXED-LENGTH DATA ELEMENTS--GENERAL INFORMATION | |
| fixed length control field | 040601s19uu xx 00 eng d |
| 020 ## - INTERNATIONAL STANDARD BOOK NUMBER | |
| International Standard Book Number | 0-439-08678-7 |
| 050 ## - LIBRARY OF CONGRESS CALL NUMBER | |
| Classification number | TR 414 |
| Item number | Sp1 1999 |
| 100 ## - MAIN ENTRY--PERSONAL NAME | |
| Personal name | Spann, Mary Beth |
| 245 ## - TITLE STATEMENT | |
| Title | Initial consonants (Grades PreK-2) / |
| Statement of responsibility, etc | by Mary Beth Spann. |
| 260 ## - PUBLICATION, DISTRIBUTION, ETC. (IMPRINT) | |
| Place of publication, distribution, etc | New York : |
| Name of publisher, distributor, etc | Scholastic, |
| Date of publication, distribution, etc | 1999. |
| 300 ## - PHYSICAL DESCRIPTION | |
| Extent | 47 p. : ill. ; cm. |
| 440 ## - SERIES STATEMENT/ADDED ENTRY--TITLE | |
| Title | Reading Success Mini-Books |
| 520 ## - SUMMARY, ETC. | |
| Summary, etc | 20 interactive mini-books that help every child get. |
| 650 ## - SUBJECT ADDED ENTRY--TOPICAL TERM | |
| Topical term or geographic name as entry element | Reading |
| General subdivision | Juvenile literature. |
| Withdrawn status | Lost status | Damaged status | Home library | Current library | Shelving location | Date acquired | Source of acquisition | Cost, normal purchase price | Total Checkouts | Full call number | Barcode | Date last seen | Price effective from | Koha item type |
|---|---|---|---|---|---|---|---|---|---|---|---|---|---|---|
| Munich Library | Munich Library | Teachers Reference Section | 06/01/2004 | 499.00 | TR 414 Sp1 1999 | M3891 | 04/14/2014 | 04/14/2014 | Books |